| 000 | 00380nab a22001097u 4500 | ||
|---|---|---|---|
| 008 | 130520b2003 xxu||||| |||| 00| 0 spa d | ||
| 041 | _aspa | ||
| 100 | 1 |
_aCarriedo Tejedo, Manuel _967731 |
|
| 245 | 0 | 0 |
_aObispos astures (SS. VIII-IX) y obispos de Oviedo (S. IX) _cManuel Carriedo Tejedo |
| 773 | 0 |
_tStudium Ovetense _gV.31, nº31,2003,págs. 123-156 _x0211-0741 _wRev454 |
|
| 942 | _cAR | ||
| 999 |
_c374368 _d374368 |
||